| 000 | 00552nam a22001577a 4500 | ||
|---|---|---|---|
| 999 |
_c7850 _d7850 |
||
| 008 | 240130b ||||| |||| 00| 0 eng d | ||
| 020 | _a9788419474384 | ||
| 040 | _aCDMR | ||
| 100 |
_94922 _aRomaní, Daniel |
||
| 245 |
_aCatalunya, plató de cinema _b: [escenaris de pel·lícula que es poden visitar] _c/ Daniel Romaní |
||
| 260 |
_aBarcelona _b: Viena edicions, _c2023 |
||
| 300 | _a229 pàgines | ||
| 650 | 0 |
_94153 _aCinematografia _xEscenografia i decorats _zCatalunya |
|
| 650 | 0 |
_94169 _aIndústria cinematogràfica _zCatalunya |
|
| 942 |
_2udc _cMON |
||